000 00550nam a2200169 i 4500
001 50846
003 ES-MaACL
005 20250721063434.0
007 t|
008 030807s1973 sp ||||1| spa d
100 1 _aCuenca Toribio, José Manuel,
_d1939-
_942007
245 1 0 _aEstudios sobre la Sevilla liberal
_b: (1812-1814) /
_cJosé Manuel Cuenca Toribio.
260 _aSevilla :
_bUniversidad de Sevilla, Filosofía y Letras,
_c1973.
300 _a167 p. ;
_c18 cm.
852 _aES-MaACL
_jC-55348
_bR.88001
999 _c50846
_d50846